Deutsche Fußballvereine nach Hinweisen - Statistiken

Allgemein
  • Dieses Quiz wurde 103 mal gespielt
  • Das Durchschnittsergebnis liegt bei 14 aus 20
Antwortstatistiken
Mitgliederzahl Größte Erfolge Adresse (Stadion) Ewige Tabelle Antwort % Korrekt
150.000 5x DFB-Pokalsieger (..., 2018) UEFA-Cup-Sieger (1980) Europa League-Sieger (2022) Mörfelder Landstraße 362 7 Eintracht Frankfurt
95%
218.493 Deutscher Meister (1995, 1996, 2002, 2011, 2012) 5x DFB-Pokalsieger (..., 2021) Champions League-Sieger (1997) Europapokal der Pokalsieger-Sieger (1966) Strobelallee 50 2 Borussia Dortmund
94%
60.000 Deutscher Meister (1965, 1988, 1993, 2004) 6x DFB-Pokalsieger (..., 2009) Euroapokal der Pokalsieger-Sieger (1992) Franz-Böhmert-Straße 1 3 Werder Bremen
94%
37.072 Deutscher Meister (1968) 4x DFB-Pokalsieger (..., 2007) Max-Morlock-Platz 1 15 1. FC Nürnberg
88%
190.000 5x DFB-Pokalsieger (..., 2011) UEFA-Cup-Sieger (1997) Rudi-Assauer-Platz 1 8 FC Schalke 04
88%
70.000 Deutscher Meister (2024) DFB-Pokalsieger (1993, 2024) UEFA-Cup-Sieger (1988) Bismarckstraße 122-124 9 Bayer 04 Leverkusen
84%
100.000 Deutscher Meister (1970, 1971, 1975, 1976, 1977) 3x DFB-Pokalsieger (..., 1995) UEFA-Cup-Sieger (1975, 1979) Hennes-Weisweiler-Allee 1 5 Borussia Mönchengladbach
83%
23.000 DFB-Pokalsieger (1992) Robert-Enke-Straße 3 16 Hannover 96
81%
37.200 Deutscher Meister (1991, 1998) DFB-Pokalsieger (1990, 1996) Fritz-Walter-Straße 1 11 1. FC Kaiserslautern
78%
1.100 DFB-Pokalsieger (2022, 2023) Am Sportforum 3 26 RB Leipzig
78%
27.000 Deutscher Meister (1966) DFB-Pokalsieger (1942, 1964) Grünwalder Straße 2-4 22 TSV 1860 München
77%
150.000 Deutscher Meister (1964, 1978) 4x DFB-Pokalsieger (..., 1983) Aachener Straße 999 10 1. FC Köln
76%
52.357 Hamburger Meister (1947) Weltpokalsiegerbesieger (2002) Harald-Stender-Platz 1 30 FC St. Pauli
74%
34.146 8x DDR-Meister (..., 1990) UEFA-Cup-Halbfinale (1989) Intertoto-Cup-Sieger (1993) Lennéstraße 12 39 Dynamo Dresden
73%
70.000 DFB-Pokalfinalist (2022) 3. Platz in der Bundesliga (1995) Achim-Stocker-Straße 1 18 SC Freiburg
60%
7.722 Deutscher Meister (1967) Hamburger Straße 210 21 Eintracht Braunschweig
56%
15.225 Europapokal der Pokalsieger-Sieger (1974) Heinz-Krügel-Platz 1 - 1. FC Magdeburg
55%
59.217 Vizemeister (1975) DFB-Pokalfinalist (1977, 1979) Ligapokalsieger (2001, 2002) Olympischer Platz 3 12 Hertha BSC
52%
10.463 Deutscher Vizemeister (1964) UEFA-Cup-Halbfinale (1979) Margaretenstraße 5-7 17 MSV Duisburg
34%
20.000 DFB-Pokalsieger (1955, 1956) Adenauerring 17 20 Karlsruher SC
22%
Keine übereinstimmenden Quizze gefunden
Verteilung der Resultate
Anzahl Personen mit jedem Resultat
Perzentil nach korrekt beantworteten Fragen
Ihre Resultats-Entwicklung
Sie haben dieses Quiz noch nicht gespielt